Termický rozklad látok v definovaných atmosférach reaktivita vápna : (3.12.1987 /

Enregistré dans:
Détails bibliographiques
Auteur principal: Smrčková, Isten kov Eva (Auteur)
Format: Manuscrit Livre
Publié: Bratislava : SVŠT v Bratislave ChtF, 1987
Tags: Ajouter un tag
Pas de tags, Soyez le premier à ajouter un tag!

MARC

LEADER 00000ntm a22000003a 4500
001 stu20612
005 20150617225749.5
008 ------s1987----cs----------------------d
040 |a STU  |b slo 
041 0
044 |a cs 
080 |a 541.11/043.3/ 
100 1 |a Smrčková, Isten kov Eva  |4 aut 
245 1 |a Termický rozklad látok v definovaných atmosférach reaktivita vápna :  |b (3.12.1987 /  |c [aut.]Smrčková,- Isteníková Eva 
260 |a Bratislava :  |b SVŠT v Bratislave ChtF,  |c 1987 
300 |a 123 s :  |b Obr.,tab.,grafy,lit 
996 |b CKD48  |c C*KD48  |l CCI  |s A  |a 24  |w stu20612_0001